000 00337nam a2200133Ia 4500
008 240624s9999 xx 000 0 und d
041 _aeng
082 _a332.6 SMI
100 _aSMITH GARY
245 _aMONEY MACHINE THE SURPRISINGLY SIMPLE PO
260 _c2017
_aNew York
_bAmacom
300 _axviii, 302 p.; 23 cm.
365 _c
_b33
999 _c32340
_d32340